000 00952nam a2200265Ia 4500
008 191130s2007##################000#0#eng##
020 _a9780763738808
022 _a2007005822
040 _aACL
_cACL
082 _a362.1068 PEL
245 _aMasterpieces in health care leadership : cases and analysis for best practice
_ceditors Vince Pelote and Lynne Route ; contributing editor Mary Malone
260 _aBoston, MA
_bJones and Bartlett Publishers
_cc2007
300 _axxii, 298 p. : ill. ; 23 cm
500 _aIncludes bibliographical references (p. 285-288) and index
650 _aHealth Services Administration
650 _aHealth services administration - Case studies
650 _aLeadership
650 _aPersonnel Management - methods
650 _aStaff Development - methods
700 _aPelote, Vincent P
700 _aRoute, Lynne
990 _ad4d4dd1dac10000c47f10d5e8f779b59
991 _a366135
999 _c5183
_d5183